000 00934cab a2200301 4500
001 ABS60176
008 090401t1999 xxu||||| |||| 00| 0 eng d
035 _a(Sirsi) u91443
041 _aeng
100 _aMinton, A.
245 _aThis time it`s for real
260 _c1999
350 _a0
490 _aEstates Gazette
_v(9906) 13 February 1999, 56-57(2)
520 _aCharterhouse Bank and Schroders are preparing to invest in the private residential property market, valued at £150bn. This sector has previously attracted small investors.
650 _aCHARTERHOUSE BANK
650 _aINSTITUTIONAL INVESTMENT
650 _aINVESTMENT FUNDS
650 _aINVESTMENT MARKET
650 _aPRIVATE RENTED SECTOR
650 _aRENTED HOUSING
650 _aRESIDENTIAL PROPERTY MARKET
650 _aSCHRODERS
690 _aHOUSING-HOUSING FINANCE
700 _aSeidl, A.
942 _n0
948 _c18/02/1999
999 _c58052
_d58052